Devine les 10 buteurs en vidéo du FC Barcelone - Statistiques

Statistiques générales
  • Ce quiz a été pris 173 fois
  • Le résultat moyen est 9 sur 10
Statistiques - réponses
Vidéo Réponse % Correct
Messi
96%
Iniesta
94%
Ronaldo
92%
Ronaldinho
90%
Luis Suarez
89%
Gavi
87%
Rivaldo
87%
Sergi Roberto
87%
Henry
76%
Pedri
69%
Aucun quiz correspondant
Distribution des résultats
% des personnes avec chaque résultat
Percentile par nombre de réponses
Votre historique - résultats
Vous n’avez pas pris ce quiz